Kandil kaca putih

Bibliographic Details
Format: Book
Published: Kuala Lumpur : Creative Enterprise Sdn.Bhd. , 1993
Series:Novel creative
Subjects:

MARC

LEADER 00000cam a2200000 7i4500
001 0000008406
002 000009162
005 20000330.0
020 |a 9838930563 
090 0 0 |a F   |b RUS 
245 1 0 |a Kandil kaca putih 
260 |a Kuala Lumpur :   |b Creative Enterprise Sdn.Bhd. ,   |c 1993 
300 |a 99p ;   |c 16cm. 
490 0 |a Novel creative 
650 0 0 |a Love stories 
999 |a 043404   |b BUKU   |c PINJAMAN   |e PERPUSTAKAAN KOMUNITI PETALING JAYA 
999 |a 044856   |b BUKU   |c FICTION   |e PERPUSTAKAAN KOMUNITI CAW KOTA DAMANSARA 
999 |a 044857   |b BUKU   |c FICTION   |e PERPUSTAKAAN KOMUNITI CAW KOTA DAMANSARA